Pays à moins d'un million - Statistiques

Statistiques générales
  • Ce quiz a été pris 138 fois
  • Le résultat moyen est 29 sur 38
Statistiques - réponses
population (en milliers d'habitants) Réponse % Correct
1 Vatican
99%
40 Monaco
95%
77 Andorre
91%
38 Liechtenstein
91%
34 Saint-Marin
91%
909 Fidji
86%
185 Sainte-Lucie
86%
117 Micronésie
85%
54 Saint-Christophe-et-Niévès
85%
108 Tonga
84%
112 Saint-Vincent-et-les-Grenadines
83%
622 Luxembourg
82%
541 Maldives
81%
11 Nauru
81%
322 Vanuatu
81%
444 Malte
79%
60 Marshall
79%
18 Palaos
79%
99 Seychelles
79%
907 Comores
78%
288 Barbade
77%
12 Tuvalu
77%
568 Cap-Vert
76%
72 Dominique
76%
202 Samoa
76%
113 Grenade
74%
123 Kiribati
74%
721 Salomon
74%
228 São Tomé et Principe
74%
445 Brunei
72%
397 Bahamas
69%
100 Antigua-et-Barbuda
68%
345 Islande
66%
412 Belize
65%
788 Bhoutan
56%
597 Suriname
56%
794 Guyana
55%
628 Monténégro
34%
Aucun quiz correspondant
Distribution des résultats
% des personnes avec chaque résultat
Percentile par nombre de réponses
Votre historique - résultats
Vous n’avez pas pris ce quiz